Thanthapparatheyyam/ (Record no. 46580)

000 -LEADER
fixed length control field 00405nam a22001691a 4500
020 ## - INTERNATIONAL STANDARD BOOK NUMBER
ISBN 9788126439041
082 ## - DEWEY DECIMAL CLASSIFICATION NUMBER
Classification number M301
Item number RAM/T
100 ## - MAIN ENTRY--AUTHOR NAME
Personal name Ramanunni K P
245 ## - TITLE STATEMENT
Title Thanthapparatheyyam/
Statement of responsibility, etc by Ramanunni K P
250 ## - EDITION STATEMENT
Edition statement 1st.
260 ## - PUBLICATION, DISTRIBUTION, ETC. (IMPRINT)
Place of publication Kottayam:
Name of publisher D C Books,
Year of publication 2012.
300 ## - PHYSICAL DESCRIPTION
Number of Pages 184p.
650 ## - SUBJECT ADDED ENTRY--TOPICAL TERM
Topical Term Stories Malayalam
650 ## - SUBJECT ADDED ENTRY--TOPICAL TERM
Topical Term Literature Malayalam
650 ## - SUBJECT ADDED ENTRY--TOPICAL TERM
Topical Term Literature
942 ## - ADDED ENTRY ELEMENTS (KOHA)
Koha item type Book
Holdings
Withdrawn status Lost status Damaged status Not for loan Permanent Location Current Location Date acquired Cost, normal purchase price Full call number Accession Number Cost, replacement price Price effective from Koha item type
        Sree Sankaracharya University of Sanskrit Sree Sankaracharya University of Sanskrit 08.01.2015 110.00 M301 RAM/T 070727 0.00 08.01.2015 Book
        Sree Sankaracharya University of Sanskrit Sree Sankaracharya University of Sanskrit 08.01.2015 110.00 M301 RAM/T 070728 0.00 08.01.2015 Book